00439pam a2200157 a 4500020001000000040002500010041001300035082001600048100001800064245007400082260003700156300001300193365001000206653004400216700002100260 c50=00 aMedical College Lib. aENGhENG a616.89bGRA aGravell, - . aSpeech & Communication Problems In Psychiatry / chTextual Documents a : bChapman and Hall , c1997. a152 ; c a50=00 aPsychiatryaPsychiatryaMedical Science aFrance, Jenny .